Countries on GeoGuessr - Statistics

General Stats
  • This quiz has been taken 531 times
    16 since last reset
  • The average score is 57 of 141
Answer Stats
Answer % Correct
Australia
85%
Canada
85%
France
85%
Germany
85%
United Kingdom
85%
China
77%
Finland
77%
Italy
77%
Japan
77%
Mexico
77%
Norway
77%
Russia
77%
Spain
77%
Sweden
77%
Turkey
77%
United States of America
77%
Denmark
69%
Egypt
69%
Iceland
69%
India
69%
Ireland
69%
Latvia
69%
Netherlands
69%
New Zealand
69%
Poland
69%
Portugal
69%
South Korea
69%
Ukraine
69%
Austria
62%
Belgium
62%
Brazil
62%
Chile
62%
Estonia
62%
Greece
62%
Liechtenstein
62%
Romania
62%
Slovakia
62%
Slovenia
62%
South Africa
62%
Switzerland
62%
Albania
54%
Bulgaria
54%
Indonesia
54%
Lithuania
54%
Montenegro
54%
Nigeria
54%
North Macedonia
54%
Pakistan
54%
Panama
54%
Philippines
54%
Vietnam
54%
Andorra
46%
Belarus
46%
Croatia
46%
Czech Republic
46%
Ghana
46%
Greenland
46%
Israel
46%
Kazakhstan
46%
Laos
46%
Luxembourg
46%
Malaysia
46%
Malta
46%
Nepal
46%
Peru
46%
Senegal
46%
Argentina
38%
Bosnia and Herzegovina
38%
Cambodia
38%
Colombia
38%
Cyprus
38%
Guatemala
38%
Hungary
38%
Iraq
38%
Jordan
38%
Kenya
38%
Monaco
38%
Qatar
38%
Serbia
38%
Taiwan
38%
Thailand
38%
Uganda
38%
Venezuela
38%
Afghanistan
31%
American Samoa
31%
Bangladesh
31%
Bhutan
31%
Botswana
31%
Christmas Island
31%
Costa Rica
31%
Dominican Republic
31%
Ecuador
31%
Hong Kong
31%
Mongolia
31%
Singapore
31%
Tunisia
31%
United Arab Emirates
31%
Antarctica
23%
Bolivia
23%
Faroe Islands
23%
Isle of Man
23%
Jersey
23%
Kyrgyzstan
23%
Lebanon
23%
Madagascar
23%
Oman
23%
Palestine
23%
Paraguay
23%
Rwanda
23%
San Marino
23%
Sri Lanka
23%
Uruguay
23%
Curaçao
15%
Eswatini
15%
Mali
15%
Namibia
15%
Puerto Rico
15%
Åland Islands
8%
Bermuda
8%
Falkland Islands
8%
Gibraltar
8%
Guam
8%
Guyana
8%
Lesotho
8%
Macau
8%
Northern Mariana Islands
8%
Réunion
8%
Tanzania
8%
The Gambia
8%
U.S. Virgin Islands
8%
Akrotiri and Dhekelia
0%
British Indian Ocean Territory
0%
Cocos (Keeling) Island
0%
Martinique
0%
Pitcairn Islands
0%
Saint Pierre and Miquelon
0%
São Tomé and Príncipe
0%
South Georgia and the South Sandwich Islands
0%
Svalbard and Jan Mayen
0%
U.S. Minor Outlying Islands
0%
Vanuatu
0%
No matching quizzes found
Score Distribution
Percent of People with Each Score
Percentile by Number Answered
Your Score History
You have not taken this quiz since the last reset